| 000 | 00741cam a2200229u 4500 | ||
|---|---|---|---|
| 999 |
_c4858 _d4858 |
||
| 001 | 7455621 | ||
| 003 | GBCCL | ||
| 005 | 20241126110528.0 | ||
| 008 | 820217s1955 paub 000 0 eng | ||
| 010 | _a 55001989 | ||
| 040 |
_aDLC _cCarP _dDLC |
||
| 050 | 0 | 0 |
_aBT306 _b.H5 1955 |
| 082 |
_a232.954 _bCOM |
||
| 130 | 0 |
_aBible. _pNew Testament. _kSelections. _lEnglish. _sAuthorized. _f1955. _98851 |
|
| 245 | 1 | 4 |
_aThe complete sayings of Jesus; _bChrist's own words from the Living Bible paraphrased, |
| 260 |
_aNew York, _bFoundation for Christian living _c1976 |
||
| 300 |
_a191 p. _c15 cm. |
||
| 600 | 0 | 0 |
_aJesus Christ _xWords. _95946 |
| 700 | 1 |
_aHinds, Arthur. _98852 |
|
| 906 |
_a0 _bcbc _cpremunv _du _encip _f19 _gy-gencatlg |
||
| 942 |
_2ddc _cBK |
||